000 00665nam a2200253Ia 4500
003 OSt
005 20221007110554.0
006 a|||||r|||| 00| 0
007 ta
008 221006b |||||||| |||| 00| 0 eng d
020 _a0030106451
024 _a21,368
037 _cTextual
040 _aLCO
_cLCO
_beng
041 _2eng
_aeng
082 _aY:45, H9
100 _aSutherland Edwin H.
245 0 _aWhite Collar Crime Foreword by DonaldR. Cressey
260 _aToronto
_bHolt, Renehart and Winston Canada
_c1949
300 _a272
650 _aCRIME
942 _hY:45, H9
_cTEXL
999 _c1190931
_d1190931